000 00354 a2200157 4500
001 169164
020 _a
040 _cMagnum
100 _aFerraz, Maria Heloisa Correa de Toledo
240 1 0 _aMetodologia do ensino de arte
_lpor
245 1 0 _aMetodologia do ensino de arte
362 0 _a1899
440 1 _aCortez
697 _aARTES
942 _cBK
999 _c169164
_d169164